LEADER 00999nam0-2200325---450- 001 990009644880403321 005 20121112113734.0 010 $a88-548-0730-3 035 $a000964488 035 $aFED01000964488 035 $a(Aleph)000964488FED01 035 $a000964488 100 $a20121112d2006----km-y0itay50------ba 101 0 $aeng 102 $aIT 105 $aa-------001yy 200 1 $aScience and religion$ean antology$fPhilip Larrey$gselection of text from Aquinas, Bacon, Galileo, Darwin and John Paul II 210 $aRoma$cAracne$d2006 215 $a641 p.$cill.$d24 cm 225 1 $aArea 11$iScienze storiche, filosofiche, pedagogiche e psicologiche$v173 610 0 $aScienza e religione 676 $a174.95$v22$zita 700 1$aLarrey,$bPhilip$0518118 801 0$aIT$bUNINA$gREICAT$2UNIMARC 901 $aBK 912 $a990009644880403321 952 $aCollez. 2094 (173)$b49501$fFSPBC 959 $aFSPBC 996 $aScience and religion$9840246 997 $aUNINA LEADER 01178nam--2200373---450- 001 990003535800203316 005 20110601101223.0 010 $a978-88-498-2729-3 035 $a000353580 035 $aUSA01000353580 035 $a(ALEPH)000353580USA01 035 $a000353580 100 $a20110601d2010----km-y0itay50------ba 101 $aita 102 $aIT 105 $a||||||||001yy 200 1 $aRoberto Tremelloni$eriformismo e sviluppo economico$fMattia Granata 210 $aMilano$cCentro per la cultura d'impresa$aSoveria Mannelli$cRubbettino$d2010 215 $a501 p.$d24 cm 225 2 $a<> memoria dell'impresa$v15 410 0$12001$a<> memoria dell'impresa 600 1$aTremelloni,$bRoberto$xBiografie$2BNCF 676 $a324.245072092$v22 700 1$aGRANATA,$bMattia$0330163 801 0$aIT$bsalbc$gISBD 912 $a990003535800203316 951 $a324.245 GRA 1$b19845 E.C.$c324.245$d00297023 959 $aBK 969 $aECO 979 $aCHIARA$b90$c20110601$lUSA01$h1011 979 $aCHIARA$b90$c20110601$lUSA01$h1012 979 $aCHIARA$b90$c20110601$lUSA01$h1012 996 $aRoberto Tremelloni$9838753 997 $aUNISA